| 000 | 01090cab a2200349 4500 | ||
|---|---|---|---|
| 001 | ABS57315 | ||
| 008 | 090401t1997 xxu||||| |||| 00| 0 eng d | ||
| 035 | _a(Sirsi) u79442 | ||
| 041 | _aeng | ||
| 100 | _aDear, B. | ||
| 245 | _aWhat`s the use? | ||
| 260 | _c1997 | ||
| 350 | _a0 | ||
| 490 |
_aEstates Gazette _v(9726) 28 June 1997, 141-142(2) |
||
| 520 | _aDiscusses how to avoid the pitfalls connected with user covenants and so balance the landlord and the tenant`s commercial interests. | ||
| 650 | _aCHANGE OF USE | ||
| 650 | _aCONSENT | ||
| 650 | _aLANDLORD AND TENANT ACT 1927 S19(3) | ||
| 650 | _aLAW LAND CO LTD V CONSUMERS ASSOCIATION | ||
| 650 | _aLEASES | ||
| 650 | _aLICENSED PREMISES | ||
| 650 | _aNEGOTIATION | ||
| 650 | _aPLINTH PROPERTY INVESTMENTS LTD V MOTT HAY AND ANDERSON | ||
| 650 | _aREASONABLENESS | ||
| 650 | _aREFUSAL | ||
| 650 | _aRENT REVIEW | ||
| 650 | _aTOWN AND COUNTRY PLANNING (USE CLASSES) ORDER 1987 | ||
| 650 | _aUSER COVENANTS | ||
| 690 | _aLANDLORD AND TENANT-BUSINESS TENANCIES | ||
| 942 | _n0 | ||
| 948 | _c04/07/1997 | ||
| 999 |
_c49938 _d49938 |
||